Quelle ville a été préfecture ou sous-préfecture de ce département ? - Statistiques

Statistiques générales
  • Ce quiz a été pris 22 fois
  • Le résultat moyen est 23 sur 148
Statistiques - réponses
Département Date ou période de suppression Ancienne sous-préfecture Initiale % Correct
Corrèze 1926-1943 Ussel U
63%
Charente-Maritime * 1810 Saintes S
58%
Indre 1926-1942 Issoudun I
47%
Deux-Sèvres 1804 Thouars T
47%
Deux-Sèvres 1926-1942 Bressuire B
42%
Ille-et-Vilaine 2010 Fougères F
42%
Deux-Sèvres 1926 Melle M
42%
Charente-Maritime 1926-1943 Saint-Jean-d'Angély S
42%
Ardennes 1926-1942 Sedan S
42%
Alpes-de-Haute-Provence 1926 Sisteron S
42%
Gard 1926 Uzès U
42%
Vaucluse 1926 Orange O
37%
Ariège 1926-1942 Pamiers P
37%
Meurthe-et-Moselle 1926-1943 Toul T
37%
Haute-Corse 1926-1943 Calvi C
32%
Ain 1926-1933 Gex G
32%
Gironde 1926-1942 Lesparre L
32%
Hérault 1926-1942 Lodève L
32%
Drôme 1926 Montélimar M
32%
Haute-Garonne 1926-1942 Muret M
32%
Lot-et-Garonne 1926-1942 Nérac N
32%
Loiret 1926-1942 Pithiviers P
32%
Finistère 1926 Quimperlé Q
32%
Ille-et-Vilaine 1926 Vitré V
32%
Haute-Loire 1926-1942 Yssingeaux Y
32%
Alpes-de-Haute-Provence 1926-1942 Castellane C
26%
Tarn * 1797 Castres C
26%
Vaucluse 1933 Cavaillon C
26%
Oise 1926-1942 Clermont C
26%
Essonne 1926-1966 Etampes E
26%
Seine-et-Marne 1926-1988 Fontainebleau F
26%
Bas-Rhin 2015 Haguenau H
26%
Charente-Maritime 1926 Marennes M
26%
Dordogne 1926 Ribérac R
26%
Bouches-du-Rhône 1816 Tarascon T
26%
Yonne 1926 Tonnerre T
26%
Puy-de-Dôme 1926-1942 Ambert A
21%
Loire-Atlantique 1926-1943 & 2017 Ancenis A
21%
Aube 1926 Arcis-sur-Aube A
21%
Essonne 1964 Corbeil-Essonne C
21%
Nord * 1803 Douai D
21%
Hautes-Alpes 1926 Embrun E
21%
Bas-Rhin 1974 Erstein E
21%
Calvados 1926 Falaise F
21%
Vendée * 1804 Fontenay-le-Comte F
21%
Tarn 1926 Gaillac G
21%
Haut-Rhin 2015 Guebwiller G
21%
Gironde 1926 La Réole L
21%
Gers 1926 Lectoure L
21%
Tarn 1808 Moissac M
21%
Tarn-et-Garonne 1926 Moissac M
21%
Loir-et-Cher 1926-1943 Romorantin R
21%
Cher 1926 Sancerre S
21%
Moselle 2015 Sarrebourg S
21%
Moselle 2016 Sarrebourg S
21%
Bas-Rhin 2015 Wissembourg W
21%
Hautes-Pyrénées 1926-1942 Argelès-Gazost A
16%
Creuse 1926 Bourganeuf B
16%
Var 1926-1974 Brignoles B
16%
Aude 1926 Castelnaudary C
16%
Loire-Atlantique 2017 Châteaubriant C
16%
Mayenne 1926-1942 Château-Gontier C
16%
Moselle 2015 Forbach F
16%
Allier 1926 Gannat G
16%
Loiret 1926 Gien G
16%
Yonne 1926 Joigny J
16%
Indre-et-Loire 1926-1943 Loches L
16%
Côtes-d'Armor 1926 Loudéac L
16%
Vienne 1926 Loudun L
16%
Saône-et-Loire 1926-1942 Louhans L
16%
Yvelines 1926-1943 Mantes-la-Jolie M
16%
Loire * 1855 Montbrison M
16%
Cantal 1926 Murat M
16%
Pyrénées-Atlantiques 1926 Orthez O
16%
Charente 1926 Ruffec R
16%
Ain 1926 Trévoux T
16%
Seine-Maritime 1926 Yvetot Y
16%
Charente 1926 Barbezieux-Saint-Hilaire B
11%
Aube 1926 Bar-sur-Seine B
11%
Gironde 1926 Bazas B
11%
Aisne 1926-1942 Château-Thierry C
11%
Manche * 1800 & 1953 Coutances C
11%
Aveyron 1926 Espalion E
11%
Haute-Saône 1926 Gray G
11%
Allier 1942 Lapalisse L
11%
Vosges 1926 Mirecourt M
11%
Lot 1808 Montauban M
11%
Val-d'Oise 1962-2000 Montmorency M
11%
Orne 1926-1942 Mortagne-au-Perche M
11%
Eure-et-Loir 1926-1943 Nogent-le-Rotrou N
11%
Jura 1926 Poligny P
11%
Vosges 1926 Remiremont R
11%
Haut-Rhin 2015 Ribeauvillé R
11%
Aveyron 1926 Saint-Affrique S
11%
Landes 1926 Saint-Sever S
11%
Haute-Vienne 1926 Saint-Yrieix-la-Perche S
11%
Loire-Atlantique 1868 Savenay S
11%
Nord 1803 Bergues B
5%
Moselle 2015 Boulay B
5%
Creuse 1926 Boussac B
5%
Vienne 1926 Civray C
5%
Seine-et-Marne 1926 Coulommiers C
5%
Somme 1926 Doullens D
5%
Loire * 1795 Feurs F
5%
Var 1860 Grasse G
5%
Nord 1926 Hazebrouck H
5%
Tarn 1926 Lavaur L
5%
Eure 1926 Louviers L
5%
Lozère 1926 Marvejols M
5%
Pyrénées-Atlantiques 1926 Mauléon-Licharre M
5%
Vendée 1810 Montaigu M
5%
Savoie 1926 Moûtiers M
5%
Calvados 1926 Pont-l'Évêque P
5%
Alpes-Maritimes 1926 Puget-Théniers P
5%
Ardennes 1926 Rocroi R
5%
Marne 1926-1940 & 2017 Sainte-Menehould S
5%
Haute-Savoie 1926-1933 Saint-Julien-en-Genevois S
5%
Côte-d'or 1926 Semur-en-Auxois S
5%
Haute-Garonne 1926 Villefranche-de-Lauragais V
5%
Haute-Marne 1926 Wassy W
5%
Bas-Rhin 1804 Barr B
0%
Maine-et-Loire 1926 Baugé B
0%
Doubs 1926 Baume-les-Dames B
0%
Maine-et-Loire 1857 Beaupreau B
0%
Nord 1857 Cassel C
0%
Haute-Garonne 1808 Castelsarrasin C
0%
Moselle 2016 Château-Salins C
0%
Côte-d'or 1926 Châtillon-sur-Seine C
0%
Nièvre 1926-1943 Cosne-sur-Loire C
0%
Haut-Rhin 1804 Delémont D
0%
Orne 1926 Domfront D
0%
Gers 1926 Lombez L
0%
Ille-et-Vilaine 1926 Montfort-sur-Meu M
0%
Meuse 1926 Montmédy M
0%
Manche 1926 Mortain M
0%
Seine-Maritime 1926 Neufchâtel-en-Bray N
0%
Seine-et-Marne 1994 Noisiel N
0%
Loire-Atlantique 1926 Paimbœuf P
0%
Morbihan 1926 Ploërmel P
0%
Eure 1926 Pont-Audemer P
0%
Sarthe 1926 Saint-Calais S
0%
Doubs 1816 Saint-Hippolyte S
0%
Isère 1926 Saint-Marcellin S
0%
Pas-de-Calais 1926 Saint-Pol-sur-Ternoise S
0%
Hérault 1926 Saint-Pons-de-Thomières S
0%
Hauts-de-Seine 1967 Sceaux S
0%
Manche 1926 Valognes V
0%
Corse-du-Sud 1811 Vico V
0%
Aucun quiz correspondant
Distribution des résultats
% des personnes avec chaque résultat
Percentile par nombre de réponses
Votre historique - résultats
Vous n’avez pas pris ce quiz